| 000 | 00427nam a22001457a 4500 | ||
|---|---|---|---|
| 020 | _a9788131754467 | ||
| 082 |
_a658.15 _bVAN |
||
| 100 | _aVan Horne, James C. & Dhamija, Sanjay | ||
| 245 |
_aFinancial Management and Policy / _cJames C. Van Horne, & Sanjay Dhamija |
||
| 250 | _a12th Edition. | ||
| 260 |
_aNew Delhi : _bPearson Education, _c2015. |
||
| 300 |
_a940p. ; _c24 cm. |
||
| 563 | _aPBK. | ||
| 942 |
_2ddc _cBK |
||
| 999 |
_c589153 _d589153 |
||